Practical Instructions for Teaching Subjects in Veterinary Medicine International Postgraduate Training Course for Teachers in Agricultural Technical Schools

Podrobná bibliografia
Hlavný autor: Kacvinský, Jozef (Autor)
Ďalší autori: Nichta, Ján (Prekladateľ)
Médium: Kniha
Jazyk:angličtina
Fyzický popis:118 s. 29 cm
Vydavateľské údaje: Nitra Vysoká škola poľnohospodárska 1980
Vydanie:1. vyd.
Edícia:Vysokoškolské učebné texty
Predmet:

MARC

LEADER 00000cam a2200000 a 4500
001 vtls001109086
003 SK-MaSNL
005 20260302023523.0
008 250313s1980 xo e n 000 0 eng
015 |a SNBA1980 
035 |a SNK000051928 
035 |a urn:nbn:sk:snk-amkzim 
035 |a urn:nbn:sk:snk-am008ozx 
035 |a 953201D6-D8F1-4524-B92B-F2CA81132660 
040 |a SNK  |b slo  |c SNK  |e AACR2 
041 0 |a eng 
044 |a xo  |c SK 
080 |a 619:371.3(075.8)=20  |2 1981 
080 |a 371.3(075.8)=20  |2 1981 
080 |a 371.3  |2 1981 
080 |a 619(075.8)=20  |2 1981 
100 1 |a Kacvinský, Jozef  |4 aut  |9 279986 
245 1 0 |a Practical Instructions for Teaching Subjects in Veterinary Medicine  |b International Postgraduate Training Course for Teachers in Agricultural Technical Schools  |c Jozef Kacvinský 
250 |a 1. vyd. 
260 |a Nitra  |b Vysoká škola poľnohospodárska  |c 1980 
300 |a 118 s.  |c 29 cm 
366 |e 75 výt. 
490 1 |a Vysokoškolské učebné texty 
504 |a Bibliogr. odkazy 
650 0 7 |a veterinárna medicína  |2 SNKPH  |9 1148 
655 7 |a učebnice vysokých škôl  |2 SNKPH  |9 70191 
700 1 |a Nichta, Ján  |4 trl  |9 46003 
810 2 |a Vysoká škola poľnohospodárska v Nitre  |t Vysokoškolské učebné texty  |9 278911 
830 0 |a Vysokoškolské učebné texty  |9 276539 
852 |a Slovenská národná knižnica 
958 |a OND 
958 |a NB 
958 |a RM 
958 |a OP 
958 |a UV 
999 |c 1036813  |d 1038743 
952 |a SNK  |b SNK  |y PREZ  |7 0  |p 17A0987532  |o snkSB 29979  |i snkKSP 4350/80  |0 0  |1 0  |4 0  |d 2014-10-17  |f 1  |l 0  |r 2025-04-03 00:00:00  |w 2026-02-24 
952 |a SNK  |b SNK  |y VYP  |7 0  |o snkSB 29979 D1  |i snkKSP 4351/80  |0 0  |1 0  |4 0  |d 2014-10-17  |l 0  |r 2026-02-24 14:12:10  |w 2026-02-24